Top 10 Länder nach Kirschenproduktion - Statistiken

Allgemein
  • Dieses Quiz wurde 23 mal gespielt
  • Das Durchschnittsergebnis liegt bei 7 aus 10
Antwortstatistiken
Platz Anbaumenge in Tonnen Land % Korrekt
7 93.030 Italien
95%
6 125.810 Spanien
95%
2 343.190 Vereinigte Staaten
95%
1 689.834 Türkei
81%
8 80.740 Griechenland
76%
9 61.850 Ukraine
71%
10 59.100 Polen
67%
5 156.134 Iran
62%
3 325.049 Chile
24%
4 213.600 Usbekistan
24%
Keine übereinstimmenden Quizze gefunden
Verteilung der Resultate
Anzahl Personen mit jedem Resultat
Perzentil nach korrekt beantworteten Fragen
Ihre Resultats-Entwicklung
Sie haben dieses Quiz noch nicht gespielt